Quizzes
Events
Quiz Creation
Community
Videos
Private Events
Remove Ads
Sign In
Join for FREE
Feedback
Dark Mode
Quiz Categories
Sports
Geography
Music
Movies
Television
Just For Fun
Miscellaneous
History
Literature
Language
Science
Gaming
Entertainment
Religion
Holiday
For Kids
Quiz Lab
Recent
Popular Today
Quiz Kudos Today
Editor Picks
Curator Picks
Quizzes by...
Day
Popularity
Type
Ratings
Length
Year
Community
Subscriptions
Recent Discussions
Orange Saloon
Badges
Playlists
Quests
Create
Leaderboards
Showdown
Live 5
Trivia Bingo
Activity
Puzzle Library
Sporcle Events
Private Events
Virtual Trivia
Globe League
Become a Host
Pub Owners
SporcleCon
Opinionation
Our Games
Videos
Blog
Mobile Apps
Partnerships
Remove Ads and Go Orange
Feedback
History
US Presidents
World Leaders
Politics
Nation
Discovery
War
Decade
Year
Century
Biography
Art
History
US Presidents
World Leaders
Politics
Nation
Discovery
War
Decade
Year
Century
Biography
Art
Random Quiz
Search Sporcle
×
Quiz Lab
Quiz Lab
History
Russian History
Type in answers that appear in a list
Type in answers that appear in a list
Classic
Best Score? Go Orange.
The Politics of the Soviet Union Stats
Can you answer these questions on the politics of the USSR?
By
jpayne1503
5m
34 Questions
65 Plays
65 Plays
65 Plays
Comments
Comments
Give Quiz Kudos
Give Quiz Kudos
-
- Ratings
hide this ad
No Skip
Answers have to be entered in order without skipping
Answers have to be entered in order without skipping
Replay
Link that replays current quiz
Next Quiz
Link to next quiz in quiz playlist
You Got
0%
They Got
Avg Score
15%
Avg Friend Score
Upgrade to see
Score Distribution
Jump to the score distribution portion of the page
Score
0/34
Timer
05:00
0
Plays Today
Question
Answer
% Correct
?
???
100%
?
???
56.3%
?
???
34.4%
?
???
23.4%
?
???
18.8%
?
???
17.2%
?
???
17.2%
?
???
17.2%
?
???
17.2%
?
???
15.6%
?
???
12.5%
?
???
12.5%
?
???
12.5%
?
???
12.5%
?
???
12.5%
?
???
12.5%
?
???
12.5%
Question
Answer
% Correct
?
???
12.5%
?
???
12.5%
?
???
12.5%
?
???
12.5%
?
???
12.5%
?
???
12.5%
?
???
12.5%
?
???
12.5%
?
???
12.5%
?
???
3.9%
?
???
3.9%
?
???
3.9%
?
???
3.9%
?
???
3.9%
?
???
3.9%
?
???
3.9%
?
???
3.9%
Quiz Playlist
Details
Report
Send in Message
Add To Playlist
Classic:
Type in answers that appear in a list
No Skip:
Answers have to be entered in order without skipping
Last Updated: Jun 8, 2017
Quiz Scoreboard
CHALLENGE
Sign Up to Join the Scoreboard
Show All
Scores
Hide
Comments
May contain spoilers
Recently Published
An Introduction to Baseball
by treessimontrees
Sports
5m
Movies - When Are They Set?
by FPL_Elf
Movies
5m
Popular People in 1961
by mucciniale
History
6m
More to Explore
Quiz From the Vault
Featured Blog Post
Where Did the Easter Bunny Come From?
hide this ad
You Might Also Like...
Tags
Modern History
Revision
Russian History
Soviet Union
Today's Top Quizzes in History
Browse History
hide this ad
Today's Top Quizzes in Russian History
Browse Russian History
Top Contributed Quizzes in History
1
Popular People in 1991
2
Popular People in 1981
3
Popular People in 1951
4
Popular People in 1941
5
Popular People in 1986
6
Popular People in 1976
7
Popular People in 1921
8
I Am Born On March 28th
9
Popular People in 1946
10
Popular People in 1936
Explore More
Trending Topics
Kpop
Anime
Marvel
Harry Potter
Disney
NBA
Crossword
Soccer
The Office
Song
Country
Pokémon
Puzzle
WWE
NFL
hide this ad
More By:
jpayne1503
Quiz
Plays
Rating
Category
Featured
Created
The Fall of the USSR
205
1.43
History
Apr 27, 2017
Mao's China- Establishing Communist Rule
154
History
May 7, 2017
A level AQA Geography: Plate Movement
101
Geography
May 3, 2017
AQA A Level Geography: Vulcanicity
97
5.00
Geography
May 15, 2017
AQA A Level Geography: Seismicity
87
2.50
Geography
May 16, 2017
Go to Creator's Profile
Score Distribution
Quiz Creator Spotlight
jpayne1503
Follow
Send a Message
Quizzes Created
-
Created Quiz Play Count
-
More By This Creator
Popular Quizzes Today
1
Find the Countries of Europe - No Outlines Minefield
2
Find the US States - No Outlines Minefield
3
The Countries of the World
4
Popular People in 1961
5
Find the US States
6
US States
7
1-10 Letter E Words III
8
Risky Map Clicking: Biggest States A-Z
More History Quizzes
Pick 3 American Presidents
Published
Trending Quizzes
Risky Map Clicking: Least Populous States A-Z
1-10 Letter F Words
1-10 Letter G Words
One Thing in Common: United Kingdom
Risky Map Clicking: Next State Alphabetically
Recently Updated
Leaping Animals
pecheneg
Reality TV Shows (A-Z)
bhenderson79
Rickey Henderson's Hall of Fame Teammates
pecheneg
Champions League XIs: Arsenal
pecheneg
Quick Pick: Celebrities in WWE's Hall of Fame
aduchscher
A-Z Keypad Blitz II
pecheneg
Multiple Oscar Actors
pecheneg
Mystery Phrase Blitz: Oscar 'Best Actors'
pecheneg
F. Scott Fitzgerald Novels
LTH
Pick 3 Villains
ddd62291
Trending Topics
Crossword
NBA
Kpop
Harry Potter
Anime
Disney
Marvel
Pokémon
Soccer
Song
NFL
Puzzle
WWE
The Office
Country
Your Account Isn't Verified!
In order to create a playlist on Sporcle, you need to verify the email address you used during registration. Go to your
Sporcle Settings
to finish the process.
Report this User
Report this user for behavior that violates our
Community Guidelines
.
Details:
Send Report
Go to the Sporcle.com Mobile Site →
Comments